000 00368 a2200109 4500
001 ART_57691
005 20260410162031.0
008 260409a
245 1 0 _aMercado de trabajo, vulnerabilidad social y movilización política en Buenos Aires
100 1 _aCross, Cecilia
773 0 _tEnsayos de economía
_g- Vol. 22, Nº 41 (jun. 2012)
_wREV44097
999 _c34034
_d34034